Cite le maximum de ballon d'or - Statistiques

Statistiques générales
  • Ce quiz a été pris 381 fois
  • Le résultat moyen est 22 sur 45
Statistiques - réponses
Nombre de ballon d'or Joueurs % Correct
8 Messi
99%
5 Ronaldo
99%
2 Ronaldo
99%
1 Benzema
92%
1 Modric
91%
1 Zidane
91%
3 Platini
82%
1 Ronaldinho
81%
1 Kaka
80%
1 Cannavaro
68%
3 Cruyff
64%
3 Van Basten
62%
1 Owen
61%
1 Papin
61%
1 Rivaldo
60%
2 Beckenbauer
58%
1 Nedved
58%
1 Figo
55%
1 Kopa
53%
1 Di Stefano
50%
1 Gullit
49%
1 Weah
48%
1 Yachine
47%
1 Eusébio
43%
1 Muller
42%
1 Baggio
39%
1 Best
37%
1 Matthaus
36%
1 Charlton
35%
1 Chevtchenko
33%
1 Sammer
33%
1 Suarez
31%
2 Rummenigge
29%
1 Matthews
28%
1 Stoichkov
27%
1 Rossi
26%
2 Keegan
23%
1 Belanov
18%
1 Law
18%
1 Albert
16%
1 Rivera
15%
1 Masopust
14%
1 Simonsen
14%
1 Sivori
14%
1 Blokhine
13%
Aucun quiz correspondant
Distribution des résultats
% des personnes avec chaque résultat
Percentile par nombre de réponses
Votre historique - résultats
Vous n’avez pas pris ce quiz